01366cam a2200349 i 4500001001300000003000600013005001700019008004100036035002100077035002400098040007500122100004700197245010000244260007000344300002400414336002700438337005400465338002800519380001600547530004100563648001900604648001900623650001700642651003500659651001600694651002800710651008100738658001300819658005100832710005100883856008200934zz2003811953NUKAT20260321074047.0031113s1919 pl |000 0 pol c a(OCoLC)830263667 a(NUKAT)zz2003811953 aGD U/AJbpolerdacGD U/AJdGD U/AJdGD U/KMsdGD PAN/USdOLSZT 008/AL1 aChołoniewski, Antonid(1872-1924).eAutor10aGdańsk i Pomorze Gdańskie :buzasadnienie naszych praw do Bałtyku /cAntoni Chołoniewski. aKraków :bnakładem Księgarni S. A. Krzyżanowskiego,c1919. a62 strony ;c15 cm. aTekstbtxt2rdacontent aBez urządzenia pośredniczącegobn2rdamedia aWoluminbnc2rdacarrier aKsiążki aDostępne w postaci elektronicznej. 7a1901-20002DBN 7a1918-19392DBN 7aGranice2DBN 7aGdańsk (woj. pomorskie)2DBN 7aPolska2DBN 7aPomorze Gdańskie2DBN 7aPomorze Gdańskie (Polska ; region)xhistoriavwydawnictwa popularne.2kaba aHistoria aPolityka, politologia, administracja publiczna2 aS. A. Krzyżanowski (Kraków).eWydawca4pbl41uhttp://pbc.gda.pl/dlibra/docmetadata?id=13681&from=&dirids=1&ver_id=&lp=6&QI=